Εκκλησιαστικών και πολιτικών των εις δώδεκα βιβλίον Η,Θ και Ι ήτοι τα μετά την Αλώσιν (1453-1789) : εκ χειρογράφου ανεκδότου της ιεράς μονής του Σινά
Αποθηκεύτηκε σε:
| Κύριος συγγραφέας: | |
|---|---|
| Μορφή: | Βιβλίο |
| Γλώσσα: | Greek |
| Δημοσίευση: |
Αθήναι :
Βιβλιοπωλείον Νότη Καραβία,
1972.
|
| Σειρά: | Βιβλιοθήκη ιστορικών μελετών ;
56 |
| Θέματα: | |
| Ετικέτες: |
Προσθήκη ετικέτας
Δεν υπάρχουν, Καταχωρήστε ετικέτα πρώτοι!
|
MARC
| LEADER | 00000cam a2200000 i 4500 | ||
|---|---|---|---|
| 001 | 1/45936 | ||
| 008 | 140411s1972 gr | ||| |||| ||gre|| | ||
| 035 | |l 10117388 | ||
| 040 | |a GR-MyUa |b gre |e AACR2 | ||
| 041 | 0 | |a gre | |
| 082 | 7 | |a 281.9 |2 (23) | |
| 100 | 1 | |a Υψηλάντης, Αθανάσιος Κομνηνός. | |
| 245 | 1 | 0 | |a Εκκλησιαστικών και πολιτικών των εις δώδεκα βιβλίον Η,Θ και Ι ήτοι τα μετά την Αλώσιν (1453-1789) : |b εκ χειρογράφου ανεκδότου της ιεράς μονής του Σινά / |c Αθανάσιου Κομνηνού Υψηλάντου ; εκδιδόντος Αρχιμ. Γερμανού Αφθονίδου Σιναΐτου. |
| 260 | |a Αθήναι : |b Βιβλιοπωλείον Νότη Καραβία, |c 1972. | ||
| 300 | |a λα', 837 σ. ; |c 24 εκ. | ||
| 490 | 1 | |a (Βιβλιοθήκη ιστορικών μελετών ; |v 56) | |
| 500 | |a Ανάτυπο της 1ης εκδ. Πρωτότυπη έκδοση : Εν Κωνσταντινουπόλει : Τυπογρ. Ι.Α. Βρετού, 1870. | ||
| 504 | |a Περιέχει ευρετήριο. | ||
| 505 | 8 | |a Μετά παραρτήματος περιέχοντος τα λειπόντα τη εκδόσει των Μετά την άλωσιν εκκλησιαστικών και πολιτικών εκδιδόντος Αθ. Παπαδοπούλου ΚεραμέωςΠροοίμιον, Βιβλίον Η (Κεφ. Α Τα επί της πατριαρχείας Γενναδίου του Σχολαρίου, Κεφ. Β Τα επί της πατριαρχείας του Ισιδώρου, Κεφ. Γ Τα επί της πατριαρχείας Σωφρονίου του Συροπούλου, Ιωάσαφ του Κόκκα και Μάρκου του Ξυλοκαράβου και γενεαλογία των χάνηδων του Κριμίου, και τα κατά την Ισπανίαν, και το λεγόμενον άγιον οφφίκιον, ή μάλλον ειπείν ανίερον εξέτασιν. Κεφ. Δ Τα επί της πατριαρχείας Συμεώνος του Τραπεζουντίου και Διονυσίου του από Φιλιππουπόλεως, και βασιλεία του Κορδούκ, Κεφ. Ε Τα επί της β πατριαρχείας του αυτού Συμεώνος του Τραπεζουντίου και Ραφαήλ του Σέρβου, και βασιλεία του Παγιαζίτη ...), Βιβλίον Θ (Κεφ. Α Τα επί της πατριαρχείας Γαβριήλ του Γ του από Χαλκηδόνος. Βασιλεία του σουλτάν Αχμέτη. Παρεκβολή περί της Ρουσσίας και Πέτρου του Μεγάλου, Κεφ. Β Πατριαρχεία Κυπριανού του από Καισαρείας, και Αθανασίου του Ε του από Αδριανουπόλεως. Πόλεμος του Πέτρου με τον ρήγα της Σβετζίας Κάρλον εις την Πουλτάβαν και πόλεμος του Πέτρου με τους Τούρκους εις τον Προύτον, Κεφ. Γ Πατριαρχεία Κυρίλλου Δ του από Κυζίκου, και β πατριαρχεία του αυτού Κυπριανού, και πατριαρχεία Κοσμά Γ του πρώην Αλεξανδρείας και πόλεμος των Τούρκων με τους Ενετούς, και άλωσις του Μωρέως, Κεφ. Δ Πατριαρχεία Ιερεμίου Γ του από Καισαρείας της Καππαδοκίας και πόλεμος των Oθωμανών με τους Γερμανούς, και άλωσις Τεμισβαρίου και Πελιγραδίου, και ειρήνη τουρκονέμτζικη, Κεφ. Ε Πατριαρχεία του Κωνσταντινοπολίτου Παϊσίου του από Νικομηδείας. Επανάστασις εις την Πόλιν και βασιλεία του σουλτάν Μαχμούτη ...), Βιβλίον Ι (Κεφ. Α Πατριαρχεία Μελετίου του από Λαρίσσης. ..., Κεφ. Β Πατριαρχεία Θεοδοσίου του από Θεσσαλονίκης. ..., Κεφ. Γ Δευτέρα πατριαρχεία του Κύρ Σαμουήλ. ..., Κεφ. Δ Πατριαρχεία του από Ιεροσολύμων Σωφρονίου. ..., Κεφ. Ε Πατριαρχεία Γαβριήλ του Γ του από Παλαιών Πατρών. ...). | |
| 610 | 2 | 0 | |a Orthodox Eastern Church |z Turkey. |
| 651 | 0 | |a Turkey |x History |y Ottoman Empire, 1288-1918. | |
| 830 | 0 | |a Βιβλιοθήκη ιστορικών μελετών ; |v 56 | |
| 852 | |a INST |b LESVOS |e 20140411 |h 281.9 ΥΨΗ |p 005100054000 |q 005100054000 |t BK |y 0 | ||
| 901 | |a BIBL1-2014-1 | ||
| 922 | |a 1ΕΛΗ |b 200801 |c ΤΜΗΜΑ ΚΟΙΝΩΝΙΚΗΣ ΑΝΘΡΩΠΟΛΟΓΙΑΣ ΚΑΙ ΙΣΤΟΡΙΑΣ |d ΙΩΑΝΝΙΔΟΥ | ||
| 970 | |a ΤΖΑΦΕΡΗ |b ΕΥΑΓΓΕΛΙΑ |z 2014/04/11 | ||